| 000 | 01648nam0a2200313 i 4500 | ||
|---|---|---|---|
| 001 | RU\NLR\BIBL_A\010821190 | ||
| 005 | 20240921124317.0 | ||
| 010 |
_a9785742248255 _928 |
||
| 021 |
_aRU _b2015-51147 _93025 |
||
| 035 | _a(NILC)RuMoRGB-007973242 | ||
| 035 | _a(NLR Aleph) 010821190 | ||
| 090 |
_a10244308 _c10244308 |
||
| 100 | _a20150817d2015 um y0rusy50 ca | ||
| 101 | 0 | _arus | |
| 102 | _aRU | ||
| 105 | _aa|||z||||00yy | ||
| 200 | 1 |
_aОбучение устной речи на немецком языке посредством использования электронной интерактивной доски и моделей коллективно-группового взаимодействия _eучебно-методическое пособие (с электронным приложением) _fО. В. Володарская, О. И. Трубицина |
|
| 210 |
_aСанкт-Петербург _cИзд-во Политехнического университета _d2015 _d[т. е. 2014] |
||
| 215 |
_a43 с. _cил., цв. ил. _d20 _e[1] CD |
||
| 300 | _aКн. фактически изд. в 2014 г. | ||
| 606 | 1 |
_aНемецкий язык _jУчебно-методические пособия _xРазговорная речь _xОбучение _xСредняя школа _91696289 _3RU\NLR\AUTH\66754637 |
|
| 686 | 1 | _aЧ426.179Нем2(2)52я7 | |
| 700 | 1 |
_aВолодарская _bО. В. |
|
| 701 | 1 |
_aТрубицина _bО. И. _gОльга Ивановна |
|
| 801 | 0 |
_aRU _bРГБ _c20150710 _gRCR |
|
| 942 | _cBOOK | ||
| 980 | _aNBR | ||